<?xml version="1.0" encoding="UTF-8"?>
<record
    xmlns:xsi="http://www.w3.org/2001/XMLSchema-instance"
    xsi:schemaLocation="http://www.loc.gov/MARC21/slim http://www.loc.gov/standards/marcxml/schema/MARC21slim.xsd"
    xmlns="http://www.loc.gov/MARC21/slim">

  <leader>00430nam a22001577a 4500</leader>
  <datafield tag="999" ind1=" " ind2=" ">
    <subfield code="c">18382</subfield>
    <subfield code="d">18382</subfield>
  </datafield>
  <controlfield tag="008">200729b        xxu||||| |||| 00| 0 eng d</controlfield>
  <datafield tag="020" ind1=" " ind2=" ">
    <subfield code="a">0815358305</subfield>
  </datafield>
  <datafield tag="050" ind1=" " ind2=" ">
    <subfield code="a">PE1112</subfield>
    <subfield code="b">.N45 2019 c.1</subfield>
  </datafield>
  <datafield tag="100" ind1=" " ind2=" ">
    <subfield code="a">Nelson, Gerald</subfield>
  </datafield>
  <datafield tag="245" ind1=" " ind2=" ">
    <subfield code="a">English </subfield>
    <subfield code="b">An essential grammar</subfield>
    <subfield code="c">Gerald Nelson</subfield>
  </datafield>
  <datafield tag="250" ind1=" " ind2=" ">
    <subfield code="a">3rd ed.</subfield>
  </datafield>
  <datafield tag="260" ind1=" " ind2=" ">
    <subfield code="a">New York</subfield>
    <subfield code="b">Routledge </subfield>
    <subfield code="c">2019</subfield>
  </datafield>
  <datafield tag="300" ind1=" " ind2=" ">
    <subfield code="a">xviii, 244p.</subfield>
  </datafield>
  <datafield tag="650" ind1=" " ind2=" ">
    <subfield code="a">English Language </subfield>
    <subfield code="v">Grammar </subfield>
  </datafield>
  <datafield tag="942" ind1=" " ind2=" ">
    <subfield code="2">lcc</subfield>
    <subfield code="c">BK</subfield>
  </datafield>
  <datafield tag="952" ind1=" " ind2=" ">
    <subfield code="0">0</subfield>
    <subfield code="1">0</subfield>
    <subfield code="2">lcc</subfield>
    <subfield code="7">0</subfield>
    <subfield code="a">KABU</subfield>
    <subfield code="b">KABU</subfield>
    <subfield code="d">2020-07-29</subfield>
    <subfield code="g">3113.00</subfield>
    <subfield code="l">8</subfield>
    <subfield code="o">PE1112 .N45 2019 c.1</subfield>
    <subfield code="p">028902</subfield>
    <subfield code="r">2025-06-19 10:22:12</subfield>
    <subfield code="s">2023-03-27</subfield>
    <subfield code="w">2020-07-29</subfield>
    <subfield code="y">BK</subfield>
  </datafield>
  <datafield tag="952" ind1=" " ind2=" ">
    <subfield code="0">0</subfield>
    <subfield code="1">0</subfield>
    <subfield code="2">lcc</subfield>
    <subfield code="7">0</subfield>
    <subfield code="a">KABU</subfield>
    <subfield code="b">KABU</subfield>
    <subfield code="d">2020-07-29</subfield>
    <subfield code="g">3113.00</subfield>
    <subfield code="l">6</subfield>
    <subfield code="o">PE1112 .N45 2019 c.2</subfield>
    <subfield code="p">028903</subfield>
    <subfield code="r">2024-02-07 15:16:19</subfield>
    <subfield code="s">2024-01-23</subfield>
    <subfield code="w">2020-07-29</subfield>
    <subfield code="y">BK</subfield>
  </datafield>
  <datafield tag="952" ind1=" " ind2=" ">
    <subfield code="0">0</subfield>
    <subfield code="1">0</subfield>
    <subfield code="2">lcc</subfield>
    <subfield code="7">0</subfield>
    <subfield code="a">KABU</subfield>
    <subfield code="b">KABU</subfield>
    <subfield code="d">2020-07-29</subfield>
    <subfield code="g">3113.00</subfield>
    <subfield code="l">5</subfield>
    <subfield code="o">PE1112 .N45 2019 c.3</subfield>
    <subfield code="p">028904</subfield>
    <subfield code="r">2025-06-19 10:21:45</subfield>
    <subfield code="s">2022-02-24</subfield>
    <subfield code="w">2020-07-29</subfield>
    <subfield code="y">BK</subfield>
  </datafield>
  <datafield tag="952" ind1=" " ind2=" ">
    <subfield code="0">0</subfield>
    <subfield code="1">0</subfield>
    <subfield code="2">lcc</subfield>
    <subfield code="7">0</subfield>
    <subfield code="a">KABU</subfield>
    <subfield code="b">KABU</subfield>
    <subfield code="d">2020-07-29</subfield>
    <subfield code="g">3113.00</subfield>
    <subfield code="l">2</subfield>
    <subfield code="o">PE1112 .N45 2019 c.4</subfield>
    <subfield code="p">028905</subfield>
    <subfield code="r">2022-08-17 00:00:00</subfield>
    <subfield code="s">2022-08-01</subfield>
    <subfield code="w">2020-07-29</subfield>
    <subfield code="y">BK</subfield>
  </datafield>
  <datafield tag="952" ind1=" " ind2=" ">
    <subfield code="0">0</subfield>
    <subfield code="1">0</subfield>
    <subfield code="2">lcc</subfield>
    <subfield code="7">0</subfield>
    <subfield code="a">KABU</subfield>
    <subfield code="b">KABU</subfield>
    <subfield code="d">2020-07-29</subfield>
    <subfield code="g">3113.00</subfield>
    <subfield code="l">1</subfield>
    <subfield code="o">PE1112 .N45 2019 c.5</subfield>
    <subfield code="p">028906</subfield>
    <subfield code="r">2021-12-14 00:00:00</subfield>
    <subfield code="s">2021-11-22</subfield>
    <subfield code="w">2020-07-29</subfield>
    <subfield code="y">BK</subfield>
  </datafield>
</record>
